000
00197 a2200097 4500
001
25577
100
_a
Simon & Schuster
245
_a
Way Things work
260
_a
_b
ARRL
_c
090
_c
17296
_d
17296
942
_a
NUST-CAE
_c
M
_c
8109
999
_c
260650
_d
260650